|
|
|
|
| LEADER |
00726nab a2200205 i 4500 |
| 001 |
acta84482 |
| 005 |
20240314095901.0 |
| 008 |
240314s2021 hu o 0|| spa d |
| 022 |
|
|
|a 2559-8309
|
| 040 |
|
|
|a SZTE Egyetemi Kiadványok Repozitórium
|b hun
|
| 041 |
|
|
|a spa
|
| 100 |
1 |
|
|a Balla Melinda
|
| 245 |
1 |
0 |
|a Las partes de la casa
|h [elektronikus dokumentum] /
|c Balla Melinda
|
| 260 |
|
|
|a Universidad de Szeged Departamento de Estudios Hispánicos
|b Szeged
|c 2021
|
| 300 |
|
|
|a 83-85
|
| 490 |
0 |
|
|a Serie Didáctica
|
| 650 |
|
4 |
|a Társadalomtudományok
|
| 650 |
|
4 |
|a Oktatástudomány
|
| 695 |
|
|
|a Spanyol nyelv tanítása - módszer
|
| 856 |
4 |
0 |
|u http://acta.bibl.u-szeged.hu/84482/1/serie_didactica_005_083-085.pdf
|z Dokumentum-elérés
|